| 000 | 01065nam a2200289 4500 | ||
|---|---|---|---|
| 001 | 12484 | ||
| 003 | ES-MaACL | ||
| 005 | 20250811062531.0 | ||
| 007 | t| | ||
| 008 | 000000s19850000sp ||||0| spa d | ||
| 016 | 7 | _zIBH8505920875 | |
| 020 | _a84-505-1152-6 | ||
| 040 |
_aIBH _bspa _cM-BN-DP |
||
| 080 | _a008:32(04) | ||
| 080 | _a32(04):008 | ||
| 245 | 0 | 0 |
_aCultura y sociedad _b: la política de promoción sociocultural a debate. |
| 260 |
_aMadrid : _b[Ministerio de Cultura], Subdirección General de Estudios y Coordinación, _cD.L. 1985. |
||
| 300 |
_a372 p ; _c19 cm. |
||
| 490 | 1 |
_aColección Cultura y comunicación ; _v24 |
|
| 500 | _aDocumentación aportada al Encuentro convocado por el Ministerio de Cultura y celebrado los días 20, 21 y 22 de diciembre de 1983 en Madridce. | ||
| 500 | _aIndice. | ||
| 650 | 0 | 4 |
_aPolítica cultural. _916290 |
| 710 | 1 |
_aEspaña. _bMinisterio de Cultura _93850 |
|
| 830 | 0 |
_aColección Cultura y comunicación ; _v24 _9228304 |
|
| 852 |
_aES-MaACL _jL-19668 _bR.123469 |
||
| 999 |
_c12484 _d12484 |
||